Sports Quiz

Random Sports or Play Quiz

Team in Common II Quiz Stats

 Plays Quiz Updated Feb 28, 2012

Also try: Team in Common
Challenge
Share
Tweet
Embed
Score 0/30 Timer 05:00
1 Play Today
Players Team % Correct
Shaquille O'Neal, Caron Butler, Steve SmithMiami Heat
83.8%
Ozzie Smith, Rogers Hornsby, Kyle LohseSt. Louis Cardinals
83.7%
Ricky Williams, Aaron Brooks, John CarneyNew Orleans Saints
73.6%
Jonathan Ogden, Tony Banks, Matt StoverBaltimore Ravens
71.7%
Y. A. Tittle, Jimmy Johnson, Alex SmithSan Francisco 49ers
68.5%
Steve Finley, Chan Ho Park, Rick MondayLos Angeles Dodgers
67.2%
Honus Wagner, Dave Parker, Ryan DoumitPittsburgh Pirates
67%
Eric Lindros, Jason Smith, Dave PoulinPhiladelphia Flyers
64.5%
Gorman Thomas, Richie Sexson, Craig CounsellMilwaukee Brewers
63.6%
Alex English, Dikembe Mutombo, Andre MillerDenver Nuggets
60.6%
Warren Moon, Jerry Rice, Julius JonesSeattle Seahawks
59.6%
Matt Robinson, Joe Klecko, Bart ScottNew York Jets
53.8%
Kevin Mitchell, David Cone, Warren SpahnNew York Mets
52.8%
John Pitts, Mario Clark, Lee EvansBuffalo Bills
52.7%
Alvan Adams, Walter Davis, Raja BellPhoenix Suns
52.4%
Players Team % Correct
Jarome Iginla, Eric Vail, Gary SuterCalgary Flames
47.6%
Rick Barry, Tim Hardaway, Todd FullerGolden State Warriors
45.1%
Joe Thornton, Mike Ricci, Rob BlakeSan Jose Sharks
45.1%
Bob Lanier, James Edwards, Mehmet OkurDetroit Pistons
44.2%
Bobby Hurley, Jason Williams, Carl LandrySacramento Kings
42.9%
Brad Wilkerson, Chad Cordero, Mike BacsikWashington Nationals
42.4%
Rico Carty, Dale Murphy, Mark KotsayAtlanta Braves
41.3%
Don Lever, Roberto Luongo, Markus NaslundVancouver Canucks
39.8%
Guy Lafleur, Steve Shutt, Saku KoivuMontreal Canadiens
39.7%
Greg Kragen, Eric Davis, Steve SmithCarolina Panthers
36.1%
Alexei Yashin, Mike Fisher, Jason SpezzaOttawa Senators
30.9%
Steve Beuerlein, James Stewart, Reggie WilliamsJacksonville Jaguars
29.1%
Mike Newlin, Rick Barry, Kyle LowryHouston Rockets
28.9%
Sam Crawford, Greg Vaughn, Arthur RhodesCincinnati Reds
27%
Spud Webb, Terrell Brandon, Ryan HollinsMinnesota Timberwolves
18%

You're not logged in!

Compare scores with friends on all Sporcle quizzes.
Join for Free
OR
Log In

You Might Also Like...

Show Comments

Extras

Top Quizzes Today


Score Distribution

Your Account Isn't Verified!

In order to create a playlist on Sporcle, you need to verify the email address you used during registration. Go to your Sporcle Settings to finish the process.

Report this User

Report this user for behavior that violates our Community Guidelines.

Details: